Holiday Quiz

Random Holiday Quiz

Administrative Professionals Day Quiz Stats

Quiz Updated Apr 24, 2013

Challenge
Share
Tweet
Score 0/20 Timer 07:00
1 Play Today
Image Character % Correct
20Waylon Smithers (The Simpsons)
76.4%
3Pam Halpert (The Office US)
71.3%
1Pepper Potts (Iron Man)
60.4%
9Joan Holloway (Mad Men)
51.2%
16Dawn Tinsley (The Office UK)
51.1%
4Doralee Rhodes (9 to 5)
40.9%
2Janine Melnitz (Ghostbusters)
31.5%
15Selina Kyle (Batman Returns)
30.8%
8Jennifer Marlowe (WKRP In Cincinnati)
29.2%
11Jane Hathaway (The Beverly Hillbillies)
27%
Image Character % Correct
17Marion Crane (Psycho)
26.4%
18Lee Holloway (Secretary)
26.1%
5Emily Charlton (The Devil Wears Prada)
25.8%
10Tess McGill (Working Girl)
25.7%
6Jane Moneypenny (James Bond)
24.5%
12Cerie Xerox (30 Rock)
24.2%
7Dolores Landingham (The West Wing)
19.9%
14Della Street (Perry Mason)
10.3%
13Sydney Andrews (Melrose Place)
5.9%
19Silken Floss (The Spirit)
3.3%

You're not logged in!

Compare scores with friends on all Sporcle quizzes.
Join for Free
OR
Log In

You Might Also Like...

Show Comments

Extras

Top Quizzes Today


Score Distribution

Your Account Isn't Verified!

In order to create a playlist on Sporcle, you need to verify the email address you used during registration. Go to your Sporcle Settings to finish the process.

Report this User

Report this user for behavior that violates our Community Guidelines.

Details: